000 00548nam a2200217Ia 4500
003 OSt
005 20220928144634.0
006 a|||||r|||| 00| 0
007 ta
008 220927b |||||||| |||| 00| 0 eng d
024 _a72581
037 _cTextual
040 _aSDCL
_cSDCL
_beng
041 _2eng
_aeng
082 _aV3:19, L3
100 _aDarby Phillip
_9508789
245 0 _aBritish defence policy East of Suez 1947 - 1968
260 _c1973
942 _hV3:19, L3
_cTEXL
_2CC
999 _c828568
_d828568